Normal view
MARC view
- Gupta, A. / Gupta, S. M
Entry Personal Name
001 - CONTROL NUMBER
- control field: 77780
003 - CONTROL NUMBER IDENTIFIER
- control field: OSt
005 - DATE AND TIME OF LATEST TRANSACTION
- control field: 20220806113527.0
008 - FIXED-LENGTH DATA ELEMENTS
- fixed length control field: 220806|| aca||aabn | a|a d
040 ## - CATALOGING SOURCE
- Original cataloging agency: OSt
- Transcribing agency: OSt
100 ## - HEADING--PERSONAL NAME
- Personal name: Gupta, A. / Gupta, S. M
670 ## - SOURCE DATA FOUND
- Source citation: Work cat.: (OSt)43134: Gupta, A. / Gupta, S. M., Love and Sex in the English Fiction:( from 18th to 21st Century), 2014